| 000 | 00629nam a22002417a 4500 | ||
|---|---|---|---|
| 003 | MX-MxUPN | ||
| 005 | 20240924070834.0 | ||
| 008 | 240911s1981 mx| |||fr|||| 000 0 spa d | ||
| 020 | _a8432302740 | ||
| 040 |
_aMX-MxUPN _bspa |
||
| 041 | 1 |
_aspa _hfre |
|
| 050 | 4 |
_aBF431 _bT628 1983 |
|
| 100 | 1 |
_953524 _aTort, Michel |
|
| 245 | 1 | 3 | _aEl cociente intelectual |
| 250 | _aTercera edición | ||
| 260 |
_aMadrid : _bSiglo XXI, _c1983 |
||
| 300 | _a212 páginas | ||
| 490 | 0 | _aEducación | |
| 650 | 4 |
_aInteligencia _9939 |
|
| 650 | 4 |
_915534 _aPruebas mentales |
|
| 902 | _bVíctorGodínez/110924 | ||
| 942 |
_2lcc _cLIBRO |
||
| 999 |
_c211719 _d211719 |
||